00463nam a2200181Ia 4500003000400000005001700004008004100021020002200062040000700084041000800091082002200099100002300121245005600144260004200200300001500242365001300257650001100270OSt20230518163030.0210423s2013 xx 000 0 und d a978-81-203-4677-2 cAL aeng a581.0724 PURI223 aPUROHIT (Sunil D). aIntroduction to plant cell tissue and organ culture aNew DelhibPHI Learning Pvt Ltdc2013 axv,316bPB b295cINR aBotany